Tolley's equal opportunities handbook (Record no. 101882)

MARC details
000 -LEADER
fixed length control field 00741cam a2200253 4500
008 - FIXED-LENGTH DATA ELEMENTS--GENERAL INFORMATION
fixed length control field 000000n2001 000 0 eng u
020 ## - INTERNATIONAL STANDARD BOOK NUMBER
International Standard Book Number 0754513955
035 ## - SYSTEM CONTROL NUMBER
System control number (Sirsi) u116584
050 ## - LIBRARY OF CONGRESS CALL NUMBER
Classification number 346.41024
100 ## - MAIN ENTRY--PERSONAL NAME
Personal name Edwards, M.
245 ## - TITLE STATEMENT
Title Tolley's equal opportunities handbook
250 ## - EDITION STATEMENT
Edition statement 2nd ed.
260 ## - PUBLICATION, DISTRIBUTION, ETC.
Place of publication, distribution, etc. Croydon
Name of publisher, distributor, etc. Tolley
Date of publication, distribution, etc. 2001
300 ## - PHYSICAL DESCRIPTION
Extent xxi, 619p.
Dimensions 30cm
350 ## - PRICE (NR) (BK AM CF MU VM SE) [OBSOLETE]
Price 49.95
520 ## - SUMMARY, ETC.
Summary, etc. Aims to provide a practical guide to the law in England and Wales on equal opportunities in employment as at 1 May 2001.
650 ## - SUBJECT ADDED ENTRY--TOPICAL TERM
Topical term or geographic name entry element EMPLOYMENT LAW
650 ## - SUBJECT ADDED ENTRY--TOPICAL TERM
Topical term or geographic name entry element MANAGEMENT-BUSINESS MANAGEMENT
650 ## - SUBJECT ADDED ENTRY--TOPICAL TERM
Topical term or geographic name entry element EQUAL OPPORTUNITIES
650 ## - SUBJECT ADDED ENTRY--TOPICAL TERM
Topical term or geographic name entry element DISCRIMINATION
690 ## - LOCAL SUBJECT ADDED ENTRY--TOPICAL TERM (OCLC, RLIN)
Topical term or geographic name as entry element LAW
700 ## - ADDED ENTRY--PERSONAL NAME
Personal name Malone, M.
942 ## - ADDED ENTRY ELEMENTS (KOHA)
Suppress in OPAC 0
Holdings
Withdrawn status Lost status Source of classification or shelving scheme Damaged status Not for loan Home library Current library Shelving location Date acquired Cost, normal purchase price Total Checkouts Full call number Barcode Date last seen Date last checked out Copy number Cost, replacement price Price effective from Koha item type
    Dewey Decimal Classification     London London Books 29/07/2002 42.46 1 346.41024 EDW 30066328 06/08/2019 26/09/2003 1 42.46 06/08/2019 Book